Dismantling Global Hinduism &Anti-India Activities;Time to Respond and Introspect/ (Record no. 198824)

MARC details
000 -LEADER
fixed length control field 00631nam a22001817a 4500
005 - DATE AND TIME OF LATEST TRANSACTION
control field 20231020115812.0
010 ## - LCCN (DPL NO)
LC control number ENG-138287
020 ## - INTERNATIONAL STANDARD BOOK NUMBER
Terms of availability 299.00
International Standard Book Number 97893937334389
035 ## - SYSTEM CONTROL NUMBER
System control number EN-121819
037 ## - SOURCE OF ACQUISITION
Source of stock number/acquisition DBAD/PUB
082 ## - DEWEY DECIMAL CLASSIFICATION NUMBER
Classification number 230
100 ## - MAIN ENTRY--PERSONAL NAME
Personal name Mookerjee, Ananda
245 ## - TITLE STATEMENT
Title Dismantling Global Hinduism &Anti-India Activities;Time to Respond and Introspect/
Statement of responsibility, etc Ananda Mookerjee and Dulal bhattacharya
260 ## - PUBLICATION, DISTRIBUTION, ETC. (IMPRINT)
Place of publication, distribution, etc Kolkata
Name of publisher, distributor, etc Exceller Books
Date of publication, distribution, etc 2023
270 ## - ADDRESS
City Kolkata
Address G1 Dream Apartment ,Degree College Road,Belgharia,
Postal code 700056
300 ## - PHYSICAL DESCRIPTION
Extent 102p.
Dimensions 21cm(pbk)
942 ## - ADDED ENTRY ELEMENTS (KOHA)
Source of classification or shelving scheme Dewey Decimal Classification
Item type English Books
Classification part 230
Call number suffix MOO
Holdings
Withdrawn status Lost status Not for loan Collection code Home library Current library Date acquired Source of acquisition Cost, normal purchase price Full call number Barcode Copy number Cost, replacement price Koha item type
      Non-fiction Bawana Bawana 20/10/2023 DBAD/PUB 299.00 230 MOO EN-121819 1 299.00 English Books

© Delhi Public Library
Hit Counter
free hit counter